000 00677nam a2200253Ia 4500
003 OSt
005 20221006144046.0
006 a|||||r|||| 00| 0
007 ta
008 221006b |||||||| |||| 00| 0 eng d
020 _c200.00
024 _a10,761
037 _cTextual
040 _aEASL
_cEASL
_beng
041 _2eng
_aeng
082 _aW691N67.41.N8, N0
100 _aCHAKRABARTI Sreemati
_9611677
245 0 _aChina and the naxalities
260 _aNew Delhi
_bRadiant Publishers
_c1990
300 _a183p.
_ccm.
490 _v CEL
942 _hW691N67.41.N8, N0
_cTEXL
_2CC
999 _c1078847
_d1078847